Gold radical kanji (金) - Statistics

General Stats
  • This quiz has been taken 11 times
  • The average score is 13 of 34
Answer Stats
Hint Answer % Correct
gold
100%
silver
86%
bell
57%
copper
57%
gun
57%
iron
57%
key
57%
mirror
57%
steel
57%
bowl
43%
coin
43%
dull, blunt
43%
lead
43%
lock
43%
nail
43%
needle
43%
pot
43%
sharp
43%
small bell
43%
chain
29%
fishing
29%
forge
29%
mint, cast
29%
record
29%
tempering
29%
brocade
14%
confinement
14%
confused
14%
inscription
14%
kettle, pot
14%
ore
14%
sickle
14%
tranquilize
14%
specimen
0%
No matching quizzes found
Score Distribution
Percent of People with Each Score
Percentile by Number Answered
Your Score History
You have not taken this quiz